000 01309nam a22002537a 4500
003 NALT
005 20251226130855.0
008 s2552 th tha d
040 _a์NALT
041 _atha
050 _aHF 5549.5.M5
_bจ755ก 2552
100 0 _aเจษฎา นกน้อย
_930051
245 1 0 _aการจัดการความหลากหลายในองค์กร :
_bตัวแบบทางด้านทรัพยากรมนุษย์เพื่อความเท่าเทียมกันของผู้มีอัตลักษณ์หลากหลายทางเพศ /
_cเจษฎา นกน้อย.
260 _aกรุงเทพฯ :
_bสถาบันบัณฑิตพัฒนบริหารศาสตร์,
_c2552.
300 _a263 หน้า :
_b
_c30 ซม.
650 4 _aการเลือกปฏิบัติทางเพศ
_930414
650 4 _aความหลากหลายในองค์กร
_930415
650 4 _aอัตลักษณ์
_930416
650 4 _aบทบาททางเพศ
_930417
653 4 _aอัตลักษณ์ทางเพศ
850 _aNALT
942 _cRSH
_2lcc
996 _asaiphon.d
_bCATSTF
_c2025-12-26
999 _c60734
_d60734
998 _j104
_k นางสาวสายฝน ดีงาม